Vplyv vody na vodivosť polyetylénu

Bibliographic Details
Main Author: Randák, Miloš (Author)
Format: Article
Language:Slovak
PhysicalDescription:Grafy 12. Sch. 2., lit. 5 zázn. v slov., angl.
Subjects:

MARC

LEADER 00000nab a2200000 a 4500
001 vtls000336717
003 SK-MaSNL
005 20260305043903.0
008 230217c1988 xo 0 slo
015 |a SNBRB19rr/mm-uuuuu 
035 |a CL0336839 
035 |a urn:nbn:sk:snk-ab2m5y 
035 |a (urnnbn)urn:nbn:sk:snk:ar-a02muc 
035 |a (uuid)59ed0694-938e-4bde-b7b8-e906f7c8e3a8 
040 |a SNKBUCL  |b slo  |c SNKBUCL  |e AACR2 
041 0 |a slo 
044 |a xo  |c SK 
080 |a 621.315.616:678.742:537.311.324  |2 1981 
080 |a 678.742  |2 1981 
080 |a 537.311.324  |2 1981 
100 1 |a Randák, Miloš  |4 aut  |9 295773 
245 1 0 |a Vplyv vody na vodivosť polyetylénu  |c Miloš Randák 
300 |b Grafy 12. Sch. 2., lit. 5 zázn. v slov., angl. 
650 0 7 |a izolácie polyetylénové káblové  |2 snkbucl  |9 936306 
650 0 7 |a elektrická vodivosť  |2 snkbucl  |9 87609 
655 7 |a články z novín a časopisov  |2 snkbucl  |9 267496 
773 0 |t Elektroizolačná a káblová technika - Ekt  |g Roč. 41, č. 2 (1988), s. 55-63 
850 |a Slovenská národná knižnica v Martine  |a MTA001 
852 |a SNK  |b KIS3GCP 
954 |a odborná, vedecká literatúra pôvodná (slovenská)  |2 lita 
958 |a NB 
958 |a RK 
958 |a OND 
958 |a EUIPO 
958 |a article27 
992 |a RBX 
999 |c 3355566  |d 3357496